Movies Quiz

Random Movies or Clickable Quiz

Polish Cinema by Decade Quiz Stats

 Plays Quiz not verified by Sporcle

Challenge
Share
Tweet
Embed
Score 0/11 Timer 05:00
0 Plays Today
% Correct
Wałęsa. Człowiek z nadziei
84.2%
Kiler-ów 2-óch
72.4%
Popiół i diament
67.1%
Człowiek z marmuru
67.1%
Krzyżacy
61.8%
Rewers
46.1%
Przypadek
39.5%
Bestia
36.8%
Gwiaździsta eskadra
36.8%
Ostatni etap
36.8%
Otchlan pokuty
26.3%

You're not logged in!

Compare scores with friends on all Sporcle quizzes.
Join for Free
OR
Log In

You Might Also Like...

Show Comments

Extras

Top Quizzes Today


Score Distribution

Your Account Isn't Verified!

In order to create a playlist on Sporcle, you need to verify the email address you used during registration. Go to your Sporcle Settings to finish the process.

Report this User

Report this user for behavior that violates our Community Guidelines.

Details: